Behavior of ZnO nanoparticles in glycine solution: pH and size effect on aggregation and adsorption; Colloid and Interface Science Communications; Vol. 39

Dades bibliogràfiques
Parent link:Colloid and Interface Science Communications
Vol. 39.— 2020.— [100318, 9 p.]
Autor corporatiu: Национальный исследовательский Томский политехнический университет Инженерная школа новых производственных технологий Отделение материаловедения
Altres autors: Godymchuk (Godimchuk) A. Yu. Anna Yuryevna, Papina Yu. V. Yuliya Vladimirovna, Karepina E. E. Elizaveta Evgenjevna, Kuznetsov D. V. Denis Valerjevich
Sumari:Title screen
Growing interest in nanoparticles' (NPs) behavior in the environment needs deeper purport of interactions between NPs and amino acids. In this work, we evaluated particle size distribution, aggregation degree, zeta potential, adsorption efficiency, and specific adsorption of three ZnO NPs with average sizes 30, 135, and 210 nm in 1 M glycine solution at different pH. The interaction of ZnO NPs and glycine is stimulated by the pH growth from 4 to 8 (an increase of glycine adsorption and decrease of particle aggregation), whereas at рН > 8 colloidal and adsorption properties are weakly affected by pH change. The addition of glycine to water promotes the aggregation of 30 nm NPs, while the aggregation of bigger NPs is weakened. For smaller particles aggregation and adsorption efficiency are higher, and specific adsorption is lower, meanwhile, the size effect is stronger in aggressive medium: alkaline – in water, and acid – in glycine.
Режим доступа: по договору с организацией-держателем ресурса
Idioma:anglès
Publicat: 2020
Matèries:
Accés en línia:https://doi.org/10.1016/j.colcom.2020.100318
Format: MixedMaterials Electrònic Capítol de llibre
KOHA link:https://koha.lib.tpu.ru/cgi-bin/koha/opac-detail.pl?biblionumber=663184

MARC

LEADER 00000naa0a2200000 4500
001 663184
005 20250424160543.0
035 |a (RuTPU)RU\TPU\network\34353 
090 |a 663184 
100 |a 20210128d2020 k||y0rusy50 ba 
101 0 |a eng 
102 |a NL 
135 |a drcn ---uucaa 
181 0 |a i  
182 0 |a b 
200 1 |a Behavior of ZnO nanoparticles in glycine solution: pH and size effect on aggregation and adsorption  |f A. Yu. Godymchuk (Godimchuk), Yu. V. Papina, E. E. Karepina, D. V. Kuznetsov 
203 |a Text  |c electronic 
300 |a Title screen 
320 |a [References: 59 tit.] 
330 |a Growing interest in nanoparticles' (NPs) behavior in the environment needs deeper purport of interactions between NPs and amino acids. In this work, we evaluated particle size distribution, aggregation degree, zeta potential, adsorption efficiency, and specific adsorption of three ZnO NPs with average sizes 30, 135, and 210 nm in 1 M glycine solution at different pH. The interaction of ZnO NPs and glycine is stimulated by the pH growth from 4 to 8 (an increase of glycine adsorption and decrease of particle aggregation), whereas at рН > 8 colloidal and adsorption properties are weakly affected by pH change. The addition of glycine to water promotes the aggregation of 30 nm NPs, while the aggregation of bigger NPs is weakened. For smaller particles aggregation and adsorption efficiency are higher, and specific adsorption is lower, meanwhile, the size effect is stronger in aggressive medium: alkaline – in water, and acid – in glycine. 
333 |a Режим доступа: по договору с организацией-держателем ресурса 
461 |t Colloid and Interface Science Communications 
463 |t Vol. 39  |v [100318, 9 p.]  |d 2020 
610 1 |a электронный ресурс 
610 1 |a труды учёных ТПУ 
610 1 |a ZnO nanoparticles 
610 1 |a glycine 
610 1 |a aggregation 
610 1 |a adsorption 
610 1 |a pH 
610 1 |a zeta potential 
610 1 |a colloidal stability 
610 1 |a amino acid 
701 1 |a Godymchuk (Godimchuk)  |b A. Yu.  |c specialist in the field of nanotechnologies and nanomaterials  |c Associate Professor of Tomsk Polytechnic University, candidate of technical science  |f 1978-  |g Anna Yuryevna  |3 (RuTPU)RU\TPU\pers\29602  |9 14137 
701 1 |a Papina  |b Yu. V.  |g Yuliya Vladimirovna 
701 1 |a Karepina  |b E. E.  |g Elizaveta Evgenjevna 
701 1 |a Kuznetsov  |b D. V.  |g Denis Valerjevich 
712 0 2 |a Национальный исследовательский Томский политехнический университет  |b Инженерная школа новых производственных технологий  |b Отделение материаловедения  |3 (RuTPU)RU\TPU\col\23508 
801 2 |a RU  |b 63413507  |c 20210128  |g RCR 
850 |a 63413507 
856 4 |u https://doi.org/10.1016/j.colcom.2020.100318 
942 |c CF